| 000 | 00633nam a22001817a 4500 | ||
|---|---|---|---|
| 003 | DO-SdBNP | ||
| 005 | 20220120092124.0 | ||
| 008 | 220120b2016 ||||| |||| 00| 0 spa d | ||
| 040 |
_aDO-SdBNP _bspa _cBNPHU |
||
| 082 |
_axxx _bR426t |
||
| 110 |
_aRepública Dominicana. _bMinisterio de la Mujer _956158 |
||
| 245 |
_aTrabajo no remunerado en República Domicana : _banálisis a partir de los datos del módulo de uso del tiempo de la enhogar 2016 |
||
| 260 |
_aSanto Domingo : _bOficina Nacional de Estadística, _c2016 |
||
| 300 |
_a97 p. : _bil. ; _c23 cm |
||
| 590 | _aInventariado, 2022 / DG | ||
| 910 | _aDG | ||
| 942 |
_2ddc _cLBS1 |
||
| 999 |
_c51203 _d51203 |
||